| 000 | 00586nam a2200193 a 4500 | ||
|---|---|---|---|
| 001 | 17030 | ||
| 003 | CO-ViMGA | ||
| 008 | 141112s2004 ck r 000 u spa d | ||
| 020 | _a849531925X | ||
| 040 |
_aCO-ViMGA _bspa _cCO-ViMGA |
||
| 082 | 0 | 4 | _a370.15 A762p |
| 100 | 1 |
_aAsociación de psicopedagogia colectivo del pabellón sur, _924148 |
|
| 245 | 1 | 0 | _aLa psicopedagogía y sus ámbitos de actuación |
| 260 |
_aHuelva (España), _cHergue, _c2000 |
||
| 300 | _a594.p. | ||
| 590 | _aForma de adquisición : Premio - Mincultura | ||
| 650 | 1 | 4 |
_aPSICOPEDAGOGIA _914915 |
| 942 |
_2ddc _cBK |
||
| 999 |
_c26646 _d26646 |
||